| 000 | 00677nam a22002177a 4500 | ||
|---|---|---|---|
| 999 |
_c11630 _d11630 |
||
| 003 | AR-CdUCM | ||
| 008 | 190404b ||||| |||| 00| 0 spa d | ||
| 040 |
_aMUNICIPALIDAD PROVINCIAL DEL CUSCO _cBIBLIOTECA MUNICIPAL DEL CUSCO |
||
| 082 |
_a869.58 / _bSA19R / 1960 |
||
| 100 |
_aSamaniego, Antenor _91771 |
||
| 245 | _aRumor de la palabra desgarrada / | ||
| 260 |
_aLima : _bP. L. Villanueva, _c1960. |
||
| 300 |
_a79 páginas ; _c24 cm. |
||
| 500 | _aDedicatoria a Luis Nieto. | ||
| 505 | _aContenido: Poesías. | ||
| 650 |
_aPoesías Peruanas _914867 |
||
| 650 |
_aSiglo XX _98 |
||
| 650 |
_aLiteratura Peruana _9132 |
||
| 942 |
_2ddc _cLIBROS |
||
| 945 |
_aachl _d2019-04-04 |
||